| 000 | 00440pab a2200169 454500 | ||
|---|---|---|---|
| 008 | 180718b2012 xxu||||| |||| 00| 0 eng d | ||
| 100 | _aRoy, Biswajit | ||
| 245 | _aDivision in the Pro-Paribartan camps on Mamata's politics | ||
| 260 | _c2012 | ||
| 300 | _ap.26-30. | ||
| 362 | _a1 Sep | ||
| 650 | _aWest Bengal - Politics and government | ||
| 650 | _aPolitics and government | ||
| 773 | _aMainstream | ||
| 908 | _aN | ||
| 909 | _a97712 | ||
| 999 |
_c97711 _d97711 |
||